000 00898nam a2200301Ia 4500
001 dia_211
003 CHAP
005 20221207132808.0
008 220117s1995 xx 000 0 und d
010 _a170640
020 _a958-600-338-8
040 _cCHAP
082 _a332.67 S36 1995
100 _aSapag Chain, Nassir
_9102589
245 _aPreparación y evaluación de proyectos /
_c Nassir Sapag Chain y Reinaldo Sapag Chain
250 _a3a ed.
260 _aMéxico :
_b McGraw-Hill,
_c1995
300 _axiv, 404 p.
503 _aI.188905
504 _aIncluye bibliografía
650 _aAgricultura
_xPlaneación
_9137222
650 _aEvaluación de proyectos
_9141312
700 _aSapag Chain, Reinaldo, coaut.
_9147573
901 _a332.67 S36 1995
902 _aM
905 _a0000001995 mx imn 0000000000spa00
942 _cLIBRO
_2ddc
999 _c170640
_d170640